000 01052nam a2200337 a 4500
999 _c12047
_d12047
001 12047
003 BD-JhCC
005 20211110134022.0
008 210309s2014 nyua 001 0 eng
020 _a9780804139298
_qhardback
020 _z9780804139304
_qebook
035 _a(BD-JhCC)12047
040 _aDLC
_beng
_erda
_cDLC
_dDLC
_dUkOxU
_dBD-JhCC
042 _apcc
082 0 0 _a658.1/1
_223
_bTHI 2014
100 1 _aThiel, Peter A.,
_eauthor.
245 1 0 _aZero to one :
_bnotes on startups, or how to build the future /
_cPeter Thiel ; with Blake Masters.
264 1 _aNew York :
_bCrown Business,
_c[2014]
264 4 _c©2014
300 _a210 pages :
_billustrations ;
_c22 cm
336 _atext
_2rdacontent
337 _aunmediated
_2rdamedia
338 _avolume
_2rdacarrier
500 _aIncludes index.
650 0 _aNew business enterprises.
650 0 _aNew products.
650 0 _aEntrepreneurship.
650 0 _aDiffusion of innovations.
700 1 _aMasters, Blake
_q(Blake G.),
_d1986-
_eauthor.
942 _2ddc
_cBK
_02